Statistics for High School Musical Trivia

Click here to take the quiz!

General Stats

  • This quiz has been taken 5,707 times
  • The average score is 8 of 15

Answer Stats

HintAnswer% Correct
What is Zeke's hobby besides basketballBaking
88%
Who is Troy's best friendChad
84%
What does Troy give GabriellaT Necklace
83%
Which characters are twinsSharpay and Ryan
75%
Where does the group work during the summerLava Springs Country Club
70%
Who does Ryan take to promKelsi
64%
Where do Troy and Gabriella meetSki Resort
47%
What is the drama teachers nameMs. Darbus
45%
What college does Gabriella go toStanford
45%
What is the name of Sharpay's dogBoi
40%
Where does High School Musical take placeAlbuquerque, New Mexico
36%
Who scores the game winning point in High School Musical 3Rocketman
33%
What song does HSM 3 end withWe're All in this Together
26%
What basketball team does Troy practice withRedhawks
21%
Who owns Lava Springs Country ClubMr. and Mrs. Evans
12%

Score Distribution

Percentile by Number Answered

Percent of People with Each Score

Your Score History

You have not taken this quiz